000 00344nam a2200121 i 4500
001 bg
245 0 _aKongres Zjednoczonego Stronnictwa Ludowego :
_bVII 19-21. I. 1976 : referat - przemówienia - uchwała statutowa.
260 _aWarszawa,
_c1976.
040 _cBPK
041 _apol
942 _cKS
008 s pl f |000 0 pol
999 _c26934
_d26934
856 _uhttp://koha.tu.koszalin.pl/cgi-bin/koha/opac-detail.pl?biblionumber=26934
_yKatalog online BPK